|
|
|
|
| LEADER |
00000nab a2200000 a 4500 |
| 001 |
vtls000499795 |
| 003 |
SK-MaSNL |
| 005 |
20260303222719.0 |
| 008 |
230120c1993 xo 0 slo |
| 015 |
|
|
|a SNBRB19rr/mm-uuuuu
|
| 035 |
|
|
|a CL0499933
|
| 035 |
|
|
|a urn:nbn:sk:snk-abdopm
|
| 035 |
|
|
|a (urnnbn)urn:nbn:sk:snk:ar-0013ie
|
| 035 |
|
|
|a (uuid)044e66ba-1d69-457e-91cf-9de0288318a8
|
| 040 |
|
|
|a SNKBUCL
|b slo
|c SNKBUCL
|e AACR2
|
| 041 |
0 |
|
|a slo
|
| 044 |
|
|
|a xo
|c SK
|
| 080 |
|
|
|a 792.2
|2 1981
|
| 245 |
0 |
0 |
|a Dve klasické komédie v brnianskom Národnom divadle
|
| 300 |
|
|
|b Fotogr. 1
|
| 600 |
1 |
7 |
|a Shakespeare, William,
|d 1564-1616
|t Večer trojkráľový
|2 snkbucl
|9 1230605
|
| 600 |
1 |
7 |
|a Gogoľ, Nikolaj Vasilievič,
|d 1809-1852
|t Ženba
|2 snkbucl
|9 112977
|
| 610 |
2 |
7 |
|a Národní divadlo Brno
|2 snkbucl
|9 170222
|
| 655 |
|
7 |
|a recenzie
|2 snkbucl
|9 21907
|
| 655 |
|
7 |
|a články z novín a časopisov
|2 snkbucl
|9 267496
|
| 773 |
0 |
|
|t Javisko
|g Roč. 25, č. 11 (1993), s. 55
|
| 850 |
|
|
|a Slovenská národná knižnica v Martine
|a MTA001
|
| 852 |
|
|
|a SNK
|b KIS3GCP
|
| 954 |
|
|
|a odborná, vedecká literatúra pôvodná (slovenská)
|2 lita
|
| 958 |
|
|
|a OND
|
| 958 |
|
|
|a RK
|
| 958 |
|
|
|a CZ
|
| 958 |
|
|
|a EUIPO
|
| 958 |
|
|
|a article19
|
| 992 |
|
|
|a RBX
|
| 999 |
|
|
|c 2243003
|d 2244933
|